Loading...

Kinetics of periodic precipitation patterns in reaction diffusion systems

Bibliographic Details
Main Authors: George Varghese; Guide, Jacob George; Researcher
Format: Ph.D Thesis
Published: Kottayam, Mahatma Gandhi University 2007
Edition:Ph.D
Subjects:
LEADER 010060000a22002770004500
082 |a 541.348 5 P7 
100 |a George Varghese; Guide 
100 |a Jacob George; Researcher 
245 |a Kinetics of periodic precipitation patterns in reaction diffusion systems 
250 |a Ph.D 
260 |a Kottayam, Mahatma Gandhi University 
260 |c 2007 
460 |a 148p 
500 |a Awarded by 21-08-2007 
500 |a Department of Physics, St Berchmans College Changanacherry, Kottayam, Kerala  |e IN 
500 |a Includes bibliographical references 
500 |a Jacob George; Guided by Dr George Varghese 
650 |a Dissertations, Academic (Ph.D) 
650 |a Kinetics 
650 |a Liesegang rings 
650 |a Precipitation (Chemistry) 
650 |a Reaction diffusion process 
650 |a Thesis (Ph.D)-Physics 
942 |c BK 
999 |c 38237  |d 38237 
952 |0 0  |1 0  |4 0  |6 541_348000000000000_5_P7  |7 0  |8 THES  |9 38764  |a MGUL  |b MGUL  |d 2013-07-16  |l 0  |o 541.348 5 P7  |p T01449  |r 2013-07-16  |w 2013-07-16  |y THES